Skład PSG vs Arsenal w finale LM 2025/26 - Statystyki

Ogólne statystyki
  • Ten quiz został rozwiązany 13 razy
  • Średni wynik to 10 z 11
Statystyki odpowiedzi
Numer Pozycja Zawodnik % Poprawnych
2 Obrońca Achraf Hakimi
100%
14 Skrzydłowy Desire Doue
100%
7 Skrzydłowy Khvicha Kvaratskhelia
100%
10 Napastnik Ousmane Dembele
100%
17 Pomocnik Vitinha
100%
8 Pomocnik Fabian Ruiz
92%
87 Pomocnik Joao Neves
92%
5 Obrońca Marquinhos
92%
39 Bramkarz Matvey Safonov
92%
25 Obrońca Nuno Mendes
92%
51 Obrońca Willian Pacho
85%
Nie znaleziono quizów pasujących do podanych kryteriów
Rozkład punktacji
Procent ludzi z każdym wynikiem
Percentyl według liczby udzielonych odpowiedzi
Twoja historia wyników
Nie rozwiązałeś tego quizu